000 00245nam a2200097Ia 4500
008 240331s9999 xx 000 0 und d
082 _bWOM
100 _aMartens, M.H. ed
245 0 _aWomen in trade unions :
_borganizing the unorganized
942 _cL
999 _c2682
_d2682